000 00328nam a2200145Ia 4500
100 _aDanilevsky/V
942 _cBK
654 _aLaboratory work
245 _aLaboratory work for courses in mfg. engieering
260 _bMir Publishers
_aMoscow
082 _a621.8
_bDan
300 _a228
546 _aENGLISH
999 _c34806
_d34806